000 01273nam a22002897a 4500
008 090702t xxu||||| |||| 00| 0 eng d
010 _aB-343086
020 _a9780330504256
_c240.00
035 _aB-343086
035 _aB-368622
035 _aG-001424
037 _aUBH
_bRP/CL/Eng/E;16/18.06.09/23.06.09/25.06.09
037 _bPansy Books
040 _adpl
_bEng
082 _aN
100 _aArcher,Jeffrey
_934435
245 _aPaths Of Glory /
_cJeffrey Archer
260 _aLondon
_bPan Books
_c2009
270 _a20 New Wharf Road
_bLondon
_eN19RR
300 _a467p.
_c18cm(pbk)
942 _2ddc
_cEN
_hN
_mARC
999 _c28048
_d28048